000 00249nam a2200109Ia 4500
008 190216s9999||||xx |||||||||||||| ||und||
100 _aVerma P S
245 0 _aFundamentals Of Zoology
260 _bS Chand & Co
650 _aReferences
942 _cBK
999 _c37407
_d37407